Tinita y Tito : método de iniciación a la lectura : fichas de escritura

Gespeichert in:
Bibliographische Detailangaben
1. Verfasser: Merino Rodríguez, Celia .
Weitere Verfasser: Llamas, María Angustias
Format: Buch
Sprache:Spanisch
Erschienen: Zaragoza : Luis Vives, 1976
Katalog:MANES:  Suchergebnis im Bibliothekskatalog
Schulbuchspezifische Eigenschaften:
Schriftenreihe:Preescolar (Edelvives)
Schlagworte:
Tags: Tag hinzufügen
Keine Tags, Fügen Sie den ersten Tag hinzu!
Hinzugefügt zu:09.02.2019
Geändert in:07.05.2025

MARC

LEADER 00000cam a2200000 4500
005 20250507134500.0
008 190210S1976 0espa p 0000 00spa0d
020 |a 8426306381 
040 |a uned  |b spa  |c entro-manes 
041 0 |a spa 
100 2 |a Merino Rodríguez, Celia .  |9 39143 
245 1 0 |a Tinita y Tito :  |b método de iniciación a la lectura : fichas de escritura  |c Celia Merino Rodríguez, Mª Angustias Llamas 
260 |a Zaragoza :  |b Luis Vives,  |c 1976 
300 |a 179 p. :  |b il. 
490 0 0 |a Preescolar 
546 |a España 
561 |5 es-BUNED  |3 L.T.M. 0129  |a España. Fondo Manes UNED  |k MANES 
690 0 |a EyL 
650 7 |a Material didáctico 
691 0 |a IN 
700 1 0 |a Llamas, María Angustias  |9 39144 
830 0 0 |a Preescolar (Edelvives)   |9 39145 
942 |2 ddc  |c BK 
999 |c 95464  |d 95464 
999 |c manes:95464  |d 95464